01089 am a22003137a 450000100100000000500170001000800410002702000210006802000180008904000110010708200220011810000290014024500990016925000120026826000290028030000500030950000230035950000270038250000240040950400310043365000290046465300250049365500240051869000440054270000260058694200220061299900170063495201240065100872839120140302113128.0940119s1991 xxkadk grbd 001 0 eng d a0273033387 (pbk) a9780273033387 aUkcUk04a658.5752222bHOL1 a Hollins, Gillian93505410aTotal design :bmanaging the design process in the service sector /cGillian and Bill Hollins. a1st ed. aLondon :bPitman,c1991. axii, 212 p. :bchart, forms, tables ;c24 cm. aIncludes appendix. aGlossary : p. 202-203. aIndex : p. 209-212. aBibliography : p. 204-208. 0911153aIndustrial design bBUSADMcFebruary2014 vreading book9342327 aManagement and Business Studies2blcoll1 aHollins, Bill.935055 2ddck658.5752 HOL c18020d17992 00102ddc40708Donation-GaMAINbMAINc1STd2014-02-04eDonationl0o658.5752 HOLp000035574r2025-07-15 00:00:00yBB